| 000 | 00000nam##2200000za#4500 |
| 001 | 9.578645 |
| 003 | CaOODSP |
| 005 | 20210624190202 |
| 007 | cr ||||||||||| |
| 008 | 150406|2006||||xxc|||||o f|0| 0 eng|d |
| 040 | |aCaOODSP|beng |
| 043 | |an-cn--- |
| 086 | 1 |aFs3-4/2006-02E-PDF |
| 110 | 1 |aCanada. |bDepartment of Fisheries and Oceans. |
| 245 | 10|aProceedings of the Transboundary Resources Assessment Committee (TRAC) : |h[electronic resource]|breport of meeting held 13-16 June 2006, Stephen H. Clark Conference Room, NOAA/NMFS Northeast Fisheries Science Center, Woods Hole, MA USA / |cmeeting co-chairs W. Overholtz, R. O'Boyle. |
| 260 | |aOttawa - Ontario : |bFisheries and Oceans Canada |cJuly 2007. |
| 300 | |a22p.|btable |
| 490 | 1 |aTransboundary Resource Assessment Committee proceedings|v2006/02 |
| 546 | |a(Résumé et avant-propos en français) |
| 590 | |a14-10-Supp|b2014-05-08 |
| 830 | #0|aTransboundary Resource Assessment Committee proceedings ;|v2006/02|w(CaOODSP)9.507741 |
| 856 | 40|ahttp://publications.gc.ca|qPDF|s97 KB|uhttps://publications.gc.ca/collections/collection_2014/mpo-dfo/Fs3-4-2006-02-eng.pdf|y2006/02 |